000 00745cam a2200253 4500
001 ABS64251
008 010726n2001 000 0 eng u
035 _a(Sirsi) u113827
245 _aRegional survey: Brussels
260 _c2001
490 _aProperty Week
_v66(27) 6 July 2001, 77-87(6)
590 _aABS
650 _aBRUSSELS
650 _aEUROPEAN COMMISSION
650 _aPROPERTY-COMMERCIAL PROPERTY-OFFICE PROPERTY-OFFICE PROPERTY MARKET
650 _aINDUSTRIAL LAND
650 _aEUROPEAN UNION
650 _aPROPERTY-COMMERCIAL PROPERTY-OFFICE PROPERTY-OFFICE PROPERTY MARKET
650 _aOFFICE SPACE
650 _aINDUSTRIAL MARKET
650 _aPROPERTY-COMMERCIAL PROPERTY
690 _aEUROPE
942 _n0
999 _c67813
_d67813